000
00281 a2200121 4500
001
89166
082
_a
808.83 TEH
090
_c
42116
_d
42116
100
_a
Tehmina Durrani
245
_a
Happy things in sorrow times
260
_a
Lahore
_b
Ferozsons
_c
2013
300
_a
204 p.
_b
hb
942
_a
CAE NUST
_k
808.83 TEH
999
_c
324239
_d
324239